书目信息 |
| 题名: |
欧盟周边治理中的睦邻政策研究
|
|
| 作者: | 宋黎磊 著 | |
| 分册: | ||
| 出版信息: | 上海 上海人民出版社 2011.07 |
|
| 页数: | 292页 | |
| 开本: | 23cm | |
| 丛书名: | 博士文库 | |
| 单 册: | ||
| 中图分类: | D814.1 | |
| 科图分类: | ||
| 主题词: | 睦邻政策 | |
| 电子资源: | ||
| ISBN: | 978-7-208-10045-9 | |
| 000 | 01133oam2 2200301 450 | |
| 001 | 010000010241 | |
| 005 | 20120618153326.45 | |
| 010 | @a978-7-208-10045-9@dCNY36.00 | |
| 100 | @a20110823d2011 em y0chiy50 ea | |
| 101 | 0 | @achi |
| 102 | @aCN@b310000 | |
| 105 | @aa z 000yy | |
| 106 | @ar | |
| 200 | 1 | @a欧盟周边治理中的睦邻政策研究@9ou meng zhou bian zhi li zhong de mu lin zheng ce yan jiu@f宋黎磊著 |
| 210 | @a上海@c上海人民出版社@d2011.07 | |
| 215 | @a292页@c图@d23cm | |
| 225 | 2 | @a博士文库 |
| 300 | @a本课题在同济大学211三期重点建设项目“欧洲哲学与文化研究”的资助下完成,系同济大学国家985项目“全球变化与中国国家利益研究”中期成果 上海市学术著作出版基金 | |
| 308 | @a丛书第十三辑 | |
| 330 | @a本书分为5章,主要内容包括:欧盟周边治理中的欧盟国际行为模式研究;欧盟周边治理重心的转向:从扩大到睦邻;欧盟周边治理的新方式:欧洲睦邻政策等。 | |
| 461 | 0 | @12001 @a博士文库 |
| 601 | 02 | @a欧洲国家联盟@x睦邻政策@x研究 |
| 601 | 02 | @a欧洲国家联盟 |
| 606 | 0 | @a睦邻政策 |
| 690 | @aD814.1@v4 | |
| 701 | 0 | @a宋黎磊@9song li lei@f(1981-)@4著 |
| 801 | 0 | @aCN@bRENTIAN@c20110823 |
| 905 | @b540526-30@dD814.1@e103@f5 | |
| 欧盟周边治理中的睦邻政策研究/宋黎磊著.-上海:上海人民出版社,2011.07 |
| 292页:图;23cm.-(博士文库) |
| 本课题在同济大学211三期重点建设项目“欧洲哲学与文化研究”的资助下完成,系同济大学国家985项目“全球变化与中国国家利益研究”中期成果 上海市学术著作出版基金 |
| ISBN 978-7-208-10045-9:CNY36.00 |
| 本书分为5章,主要内容包括:欧盟周边治理中的欧盟国际行为模式研究;欧盟周边治理重心的转向:从扩大到睦邻;欧盟周边治理的新方式:欧洲睦邻政策等。 |
| ● |
| 相关链接 |
|
|
|
|
正题名:欧盟周边治理中的睦邻政策研究
索取号:D814.1/103
 
预约/预借
| 序号 | 登录号 | 条形码 | 馆藏地/架位号 | 状态 | 备注 |
| 1 | 540526 | 205405266 | 第一样本阅览室/ [索取号:D814.1/103] | 在馆 | |
| 2 | 540527 | 205405275 | 第一借阅区/ [索取号:D814.1/103] | 在馆 | |
| 3 | 540528 | 205405284 | 第一借阅区/ [索取号:D814.1/103] | 在馆 | |
| 4 | 540529 | 205405293 | 第一借阅区/ [索取号:D814.1/103] | 在馆 | |
| 5 | 540530 | 205405300 | 第一借阅区/ [索取号:D814.1/103] | 在馆 |